Geography Quiz

Random Geography or State Quiz

This or That: Geography Quiz Stats

Quiz Updated Oct 24, 2015

Challenge
Share
Tweet
Embed
Score 0/15 Timer 05:00
0 Plays Today
Question Answer % Correct
Which island is in the Mediterranean Sea????
92.7%
Which U.S. state does not border the Atlantic Ocean????
87.5%
Which country only borders one other country by land????
85.7%
Which U.S. state is a commonwealth????
83.6%
Which mountain is in Europe????
81.1%
Which U.S. state has parishes instead of counties????
70.9%
Which country does not border Lake Titicaca????
68.7%
Which Canadian province is west of Saskatchewan????
66.7%
Question Answer % Correct
Which nation is completely south of Venezuela????
64.8%
Which river is the third longest in the world????
63.5%
Which country is landlocked????
63%
Which country borders both Sudan and Ethiopia????
61.9%
Which city is the capital of Nigeria????
60.4%
Which is closer to the population of Cuba????
43.1%
Which lake is the deepest lake in North America????
32.5%

You're not logged in!

Compare scores with friends on all Sporcle quizzes.
Sign Up with Email
OR
Log In

You Might Also Like...

Show Comments

Extras

Top Quizzes Today


Score Distribution

Your Account Isn't Verified!

In order to create a playlist on Sporcle, you need to verify the email address you used during registration. Go to your Sporcle Settings to finish the process.